Introduction to programming with Visual Basic .NET / (Record no. 397)
[ view plain ]
| 000 -LEADER | |
|---|---|
| fixed length control field | 00715nam a22002417a 4500 |
| 001 - CONTROL NUMBER | |
| control field | 397 |
| 003 - CONTROL NUMBER IDENTIFIER | |
| rucl marc code | BD-RjUL |
| 005 - DATE AND TIME OF LATEST TRANSACTION | |
| control field | 20211208233154.0 |
| 008 - FIXED-LENGTH DATA ELEMENTS--GENERAL INFORMATION | |
| fixed length control field | 131118s2008 xxua|||| |||| 001 0 eng d |
| 020 ## - INTERNATIONAL STANDARD BOOK NUMBER | |
| International Standard Book Number | 8130909715 |
| International Standard Book Number | 9788130909714 |
| 035 ## - SYSTEM CONTROL NUMBER | |
| System control number | (BD-RjUL)414 |
| 040 ## - CATALOGING SOURCE | |
| Original cataloging agency | BD-RjUL |
| Language of cataloging | eng |
| Transcribing agency | BD-RjUL |
| Modifying agency | BD-RjUL |
| 041 ## - LANGUAGE CODE | |
| Language code of text/sound track or separate title | eng |
| 082 04 - DEWEY DECIMAL CLASSIFICATION NUMBER | |
| Author mark and year | BRI 2008 |
| Edition number | 21 |
| Classification number | 005.2768 |
| 100 1# - MAIN ENTRY--PERSONAL NAME | |
| Personal name | Bronson, Gary J. |
| 9 (RLIN) | 1245 |
| 245 1# - TITLE STATEMENT | |
| Title | Introduction to programming with Visual Basic .NET / |
| Statement of responsibility, etc. | Gary J. Bronson |
| 260 ## - PUBLICATION, DISTRIBUTION, ETC. (IMPRINT) | |
| Place of publication, distribution, etc. | New Delhi : |
| Name of publisher, distributor, etc. | Viva Books, |
| Date of publication, distribution, etc. | 2008. |
| 300 ## - PHYSICAL DESCRIPTION | |
| Pagination | xvi, 756 p. : |
| Illustrations | ill.; |
| Size | 24 cm. |
| 650 ## - SUBJECT ADDED ENTRY--TOPICAL TERM | |
| Source of heading or term | SLSH |
| Topical term or geographic name as entry element | Visual Basic --Examinations --Study guides. |
| 9 (RLIN) | 1347 |
| 700 1# - ADDED ENTRY--PERSONAL NAME | |
| Personal name | Rosenthal, David. |
| 942 ## - ADDED ENTRY ELEMENTS (KOHA) | |
| Source of classification or shelving scheme | Dewey Decimal Classification |
| Koha item type | Books |
| Lost status | Source of classification or shelving scheme | Damaged status | Not for loan | Collection code | Permanent Location | Current Location | Shelving location | Date acquired | Source of acquisition | Cost, normal purchase price | Total Checkouts | Full call number | Date last seen | Copy number | Koha item type |
|---|---|---|---|---|---|---|---|---|---|---|---|---|---|---|---|
| Dewey Decimal Classification | Non-fiction | Central Library, University of Rajshahi | Central Library, University of Rajshahi | 11/07/2009 | Ahsania Mission Book Dist. House. | 1749.30 | 005.2768 BRI 2008 | 18/11/2013 | C-3 | Books | |||||
| Dewey Decimal Classification | Non-fiction | Central Library, University of Rajshahi | Central Library, University of Rajshahi | 11/07/2009 | Ahsania Mission Book Dist. House | 1749.30 | 005.2768 BRI 2008 | 29/11/2015 | C-4 | Books | |||||
| Dewey Decimal Classification | Non-fiction | Central Library, University of Rajshahi | Central Library, University of Rajshahi | 11/07/2009 | Dhaka, Ahsonia mission Book House, | 1749.30 | 005.2768 BRI 2008 | 13/11/2016 | C-2 | Books | |||||
| Dewey Decimal Classification | Not For Loan | Non-fiction | Central Library, University of Rajshahi | Central Library, University of Rajshahi | Reading Room | 11/07/2009 | Dhaka, Ahsania mission book dis. home. | 1749.30 | 005.2768 BRI 2008 | 06/04/2017 | C-1 | Books |